Rosencrantz & Guildenstern are dead Ο Ρόζενκραντζ και ο Γκίλντεστερν είναι νεκροί

Επικεντρώνοντας το ενδιαφέρον σε δύο Σεξπηρικούς χαρακτήρες του Άμλετ, δύο κακοποιά στοιχεία, καλούνται να βρεθούν στο δικαστήριο από τον βασιλιά της Δανίας όπου γνωρίζουν έναν ταξιδιώτη διασκεδαστή και καταπιάνονται με τη λύση ενός μυστηρίου....

Πλήρης περιγραφή

Αποθηκεύτηκε σε:
Λεπτομέρειες βιβλιογραφικής εγγραφής
Άλλοι συγγραφείς: Stoppard, Tom (Διευθυντής), Oldman, Gary (Ηθοποιός), Dreyfuss, Richard (Ηθοποιός), Roth, Tim (Ηθοποιός)
Μορφή: Διαφάνειες
Γλώσσα:English
Greek
Δημοσίευση: [Χ.τ. : χ.ό., 1990]
Θέματα:
Ετικέτες: Προσθήκη ετικέτας
Δεν υπάρχουν, Καταχωρήστε ετικέτα πρώτοι!

MARC

LEADER 00000cgm a2200000 a 4500
001 1/111304
008 160707s1990####xx ||| | || ||eng||
040 |a GR-MyUa  |b gre  |c GR-MyUa  |e AACR2 
041 0 |a eng  |j gre 
082 7 |a 791.437   |2 (23)  
245 0 0 |a Rosencrantz & Guildenstern are dead   |h [μαγνητοσκόπηση] =   |b Ο Ρόζενκραντζ και ο Γκίλντεστερν είναι νεκροί /   |c σκηνοθεσία Τομ Στόπαρντ.  
246 1 |i Παράλληλος τίτλος:   |a Ο Ρόζενκραντζ και ο Γκίλντεστερν είναι νεκροί  
260 |a [Χ.τ. :   |b χ.ό.,   |c 1990]  
300 |a 1 βιντεοδίσκος (112 λεπτ.) :   |b ομίλ., έγχρ. ;   |c 4 3/4 ίν.  
511 0 |a Γκάρυ Όλντμαν, Ρίτσαρντ Ντρέιφους, Τιμ Ροθ.  
520 8 |a Επικεντρώνοντας το ενδιαφέρον σε δύο Σεξπηρικούς χαρακτήρες του Άμλετ, δύο κακοποιά στοιχεία, καλούνται να βρεθούν στο δικαστήριο από τον βασιλιά της Δανίας όπου γνωρίζουν έναν ταξιδιώτη διασκεδαστή και καταπιάνονται με τη λύση ενός μυστηρίου.  
546 |a Στα αγγλικά με ελληνικούς υπότιτλους.  
586 8 |a Βραβείο καλύτερης ταινίας Φεστιβάλ Βενετίας, 1991  
600 0 0 |a Hamlet   |c (Legendary character)  |v Drama. 
655 7 |a Feature films  |2 lcgft 
700 1 |a Stoppard, Tom,  |e drt 
700 1 |a Oldman, Gary,  |e act 
700 1 |a Dreyfuss, Richard,  |e act 
700 1 |a Roth, Tim,  |e act 
852 |a INST  |b SYROS  |c AV  |e 20160707  |h 791.437 STO  |p 005500012656  |q 005500012656  |t DVD  |y 23 
970 |a Κοντού  |b Παρασκευή  |z 07/07/2016